| 000 | 00866nam a2200205 a 4500 | ||
|---|---|---|---|
| 003 | 0 | ||
| 005 | 20250306140803.0 | ||
| 008 | 090706s19uu xx uuu eng d | ||
| 050 |
_aPGS LB 1603 _b.G285 2009 |
||
| 100 | _aGayatin, Denise Angelica Lopez. | ||
| 245 |
_aAcademic performance of students with and without extracurricular activity / _cDenise Angelica Lopez Gayatin. |
||
| 260 |
_aLas PiƱas City, Philippines : _bSouthville International School and Colleges, _c2009. |
||
| 300 |
_a31 pages : _billustrations ; _c28 cm. |
||
| 504 | _aIncludes bibliographical references. | ||
| 650 |
_aAcademic achievement _vSocial aspects. |
||
| 650 |
_aExtracurricular activities _vEducational aspects. |
||
| 650 |
_aStudents _vPerformance _vExtracurricular involvement. |
||
| 650 |
_aEducation, Elementary _vStudy and teaching _vEffectiveness. |
||
| 942 |
_2lcc _cPASS |
||
| 999 |
_c98173 _d98173 |
||